120 Grad Ost Meridian Länder - Statistiken

Allgemein
  • Dieses Quiz wurde 45 mal gespielt
  • Das Durchschnittsergebnis liegt bei 18 aus 20
Antwortstatistiken
Grad Land % Korrekt
China
100%
Russland
100%
14.36° Thailand
100%
4.32° Nordkorea
97%
5.68 Südkorea
97%
10.54° Vietnam
97%
Australien
94%
Indonesien
94%
Philippinen
94%
2.93° Japan
92%
12.32° Laos
92%
15.92° Singapur
92%
12.38° Kambodscha
89%
20.34° Myanmar
89%
4.65° Brunei
86%
0.73° Malaysia
83%
0.07° Mongolei
83%
0.03° Taiwan
83%
4.05° Timor-Leste
81%
14.12° Palau
47%
Keine übereinstimmenden Quizze gefunden
Verteilung der Resultate
Anzahl Personen mit jedem Resultat
Perzentil nach korrekt beantworteten Fragen
Ihre Resultats-Entwicklung
Sie haben dieses Quiz noch nicht gespielt